Vista normal Vista MARC

Entrada Materia (personas)

Número de registros utilizados en: 2

001 - CONTROL NUMBER

  • control field: 119431

003 - CONTROL NUMBER IDENTIFIER

  • control field: Co-BoUCM

005 - DATE AND TIME OF LATEST TRANSACTION

  • control field: 20211020091244.0

008 - FIXED-LENGTH DATA ELEMENTS

  • fixed length control field: 211020|| aca||aabn | a|a d

040 ## - CATALOGING SOURCE

  • Original cataloging agency: Co-BoUCM
  • Transcribing agency: Co-BoUCM

100 ## - HEADING--PERSONAL NAME

  • Personal name: Rial, Juan

670 ## - SOURCE DATA FOUND

  • Source citation: Work cat.: (Co-BoUCM)23112: Seminario Integración Solidaria : Reconstrucción de los Sistemas Políticos Latinoaméricanos [1992 : caracas] 119425, Integración solidaria Reconstrucción de los sistemas políticos latinoamericanos, 1993